Name a Valid Mammal - Statistics

General Stats
  • This quiz has been taken 174 times
  • The average score is 13 of 20
Answer Stats
Name a mammal that... Answer % Correct
is only found in Oceania Dingo | Koala | Kangaroo | Wallaby | Sugar Glider | Wombat | Tasmanian Devil | Platypus | Echidna
92%
has an average human IQ above 70 (besides humans) Dolphin | Pig | Chimpanzee | Elephant | Bonobo | Orangutan | Fox | Raccoon
91%
has mostly red/orange fur Red Panda | Squirrel | Fox | Orangutan | Kangaroo | Marten
91%
has been to space Cat | Dog | Monkey | Rabbit | Mouse | Rat
89%
lays eggs Platypus | Echidna
87%
can fly Bat
84%
can run/swim faster than 30 mph Cheetah | Pronghorn | Hare | Kangaroo | Fox | Wildebeest | Lion
83%
can survive temperatures of less than -40°C Polar Bear | Caribou | Narwhal | Walrus | Arctic Hare | Arctic Fox | Beluga Whale
82%
lives in saltwater Whale | Dolphin | Porpoise
80%
is in the top 5 for most hours slept per day Koala | Bat | Hedgehog | Armadillo | Sloth
77%
transmits rabies most often Bat | Skunk | Raccoon | Fox
71%
has been the pet of a U.S. President (besides dog or cat) Horse | Bear | Sheep | Tiger | Cow | Goat | Rabbit | Opossum | Guinea Pig | Rat | Badger | Hyena | Squirrel | Raccoon | Donkey | Lion | Wallaby
71%
has a resting heart rate of less than 5 bpm Whale | Elephant | Sloth
66%
is featured in the 2016 song "What Does the Fox Say?" (besides fox) Dog | Cat | Mouse | Cow | Elephant | Seal | Horse
54%
is a primate but NOT a monkey/ape Tarsier | Lemur
53%
starts with Q Quagga | Quokka | Quoll
42%
has been the main character of a Disney Pixar movie (Hint: There are only 2) Red Panda | Rat
37%
has scales Pangolin
34%
does not have seven bones in its neck Sloth | Manatee
16%
has over 100 teeth Armadillo
7%
No matching quizzes found
Score Distribution
Percent of People with Each Score
Percentile by Number Answered
Your Score History
You have not taken this quiz